00525nam a2200157Ia 4500008004100000100001500041245007700056245001500133260005900148260000900207650001800216650001500234856002600249999001900275952007300294170221s9999 xx 000 0 und d aIpek Halim aAnalysing the Effectiveness of the Personality Symbols/Icons Ipek Halim  cIpek Halim bOnline Journal of Communication and Media Technologies c2016 xCommunication xMedia Arts uhttp://www.ojcmt.net/ c309199d309199 001040aCLbCLd2017-02-21l0r2017-02-21 00:00:00w2017-02-21yFOJ